Normal view
MARC view
- L.Antoniadis,L.E.Ibanez,J.W.F.Valle
Entry Personal Name
001 - CONTROL NUMBER
- control field: 23963
003 - CONTROL NUMBER IDENTIFIER
- control field: NUST
005 - DATE AND TIME OF LATEST TRANSACTION
- control field: 20191015125736.0
008 - FIXED-LENGTH DATA ELEMENTS
- fixed length control field: 191015|| aca||aabn | a|a d
040 ## - CATALOGING SOURCE
- Original cataloging agency: NUST
- Transcribing agency: NUST
100 ## - HEADING--PERSONAL NAME
- Personal name: L.Antoniadis,L.E.Ibanez,J.W.F.Valle
670 ## - SOURCE DATA FOUND
- Source citation: Work cat.: (NUST): L.Antoniadis,L.E.Ibanez,J.W.F.Valle, Beyond the Standard Model for Theory to Experiment , 1998
